Odborár týždenník pracovníkov ROH

Bibliographic Details
New Title:Odborárske spektrum
Previous Title:Vestník ROH
Format: Journal
Language:Slovak
PhysicalDescription:44 zv. 22-30 cm
Published: Bratislava Slovenská odborová rada 1949-1990
Bratislava Ústredná rada odborov
Bratislava Práca
ISSN:0231-6668
1210-177X
Subjects:

MARC

LEADER 00000cas a2200000 a 4500
001 vtls010190375
003 SK-MaSNL
005 20260228161148.0
008 190108d19491990xo sr|p 0 b0slo
022 |a 0231-6668 
040 |a SVKBB  |b slo  |c SVKBB  |d SNK  |e AACR2 
041 0 |a slo 
044 |a xo  |c SK 
072 7 |a 331  |x Práca  |2 konspekt 
080 |a 331.105.44  |2 2001 
080 |a 050  |2 2001 
080 |a 334.784  |2 2001 
210 0 |a Odborár  |b (Bratisl.) 
222 0 |a Odborár  |b (Bratislava) 
245 0 0 |a Odborár  |b týždenník pracovníkov ROH 
260 |a Bratislava  |b Slovenská odborová rada  |c 1949-1990 
260 2 |3 1955-1959  |a Bratislava  |b Ústredná rada odborov 
260 3 |3 1960-1990  |a Bratislava  |b Práca 
300 |a 44 zv.  |c 22-30 cm 
310 |a 2x mesačne  |b 1951-1990 
321 |a 1x týždenne  |b 1949-1950 
362 0 |a Roč. III, č. 1 (6. januára 1949)-roč. XLIV, č. 18 (1990) 
500 |a V r. 1947-1948 názov časopisu Vestník ROH; od r. 1/1949-18/1990 Odborár; od r. 1(19)/1990-52/1998 Odborárske spektrum 
500 |a Od r. 1955 mal prílohu Uznesenia Ústrednej rady odborov 
500 |a Od č. 1/1968 rozmer zv. 30 cm 
500 |a Zmena podnázvu: od 1/1952-26/1969 časopis pre funkcionárov ROH ; od 1/1970-26/1972 dvojtýždenník Československého revolučného odborového hnutia ; od 1/1973-26/1989 dvojtýždenník Revolučného odborového hnutia ; od 1-18/1990 odborársky dvojtýždenník 
500 |a Od r. 1960-1990 vo vydav. Práca, Bratislava vydáva: Ústredná rada odborov ; Ústredná rada Československého revolučného odborového hnutia ; Snem KOZ SR 
500 |a Redaktori sa menia 
610 2 7 |a Revolučné odborové hnutie  |2 SNKKA  |9 36449 
650 0 7 |a odbory  |2 SNKPH  |9 2328 
650 0 7 |a zamestnanci  |2 SNKPH  |9 16311 
650 0 7 |a odborové zväzy  |2 SNKPH  |9 2327 
655 7 |a časopisy politických strán a hnutí  |2 SNKPH  |9 237919 
770 0 |t Uznesenia Ústrednej rady odborov  |w vtls010302465 
780 0 0 |t Vestník ROH  |w vtls010302499 
785 0 0 |t Odborárske spektrum  |x 1210-177X  |w vtls008882714 
852 |a Štátna vedecká knižnica v Banskej Bystrici 
910 |a snk 
916 |a 1949-1990 
999 |c 4522  |d 6452 
952 |0 0  |1 0  |4 0  |7 0  |a SNK  |b SNK  |d 1997-04-04  |i snkČSP 1576/91  |l 0  |o snkČSC 497/44(1)/1990/1 D1  |p 17A0057878  |r 2005-01-02 00:00:00  |t č. 1-18  |w 2026-02-21  |y PREZ 
952 |0 0  |1 0  |4 0  |7 0  |a SNK  |b SNK  |d 2015-01-20  |f 1  |i snk947/50  |l 0  |o snkČSC 497/3/1949/1  |p 17A0734406  |r 2026-02-21 19:43:36  |t č. 1-26  |w 2026-02-21  |y PREZ 
952 |0 0  |1 0  |4 0  |7 0  |a SNK  |b SNK  |d 2015-01-20  |f 1  |i snkČSP 673/63  |l 0  |o snkČSC 497/16/1962/1  |p 17A0734387  |r 2026-02-21 19:44:30  |t č. 1-13  |w 2026-02-21  |y PREZ 
952 |0 0  |1 0  |4 0  |7 0  |a SNK  |b SNK  |d 2023-11-20  |i snkČSP 420/56  |l 0  |o snkČSC 497/11/1957 D1  |p 17A1349028  |r 2026-02-21 19:47:58  |t č. 1-26  |w 2026-02-21  |y PREZ 
952 |0 0  |1 0  |4 0  |7 0  |a SNK  |b SNK  |d 2023-11-20  |l 0  |o snkČSC 497/12/1958/2 D1  |p 17A1349027  |r 2026-02-21 19:47:58  |t č. 14-26  |w 2026-02-21  |y PREZ 
952 |0 0  |1 0  |4 0  |7 0  |a SNK  |b SNK  |d 2023-11-20  |i snkČSP 438/59  |l 0  |o snkČSC 497/12/1958/1 D1  |p 17A1349228  |r 2026-02-21 19:47:58  |t č. 1-13  |w 2026-02-21  |y PREZ 
952 |0 0  |1 0  |4 0  |7 0  |a SNK  |b SNK  |d 2023-11-21  |i snkČSP 1982/61  |l 0  |o snkČSC 497/13/1959 D1  |p 17A1349229  |r 2026-02-21 19:48:10  |t č. 1-26   |w 2026-02-21  |y PREZ 
952 |0 0  |1 0  |4 0  |7 0  |a SNK  |b SNK  |d 2015-01-22  |f 1  |i snkČSP 62/73  |l 0  |o snkČSC 497/26/1972  |p 17A0734373  |r 2026-02-21 20:13:36  |t č. 1-26  |w 2026-02-21  |y PREZ 
952 |0 0  |1 0  |4 0  |7 0  |a SNK  |b SNK  |d 2015-01-22  |f 1  |i snkČSP 505/71  |l 0  |o snkČSC 497/24/1970   |p 17A0734375  |r 2026-02-21 20:13:39  |t č. 1-26  |w 2026-02-21  |y PREZ 
952 |0 0  |1 0  |4 0  |7 0  |a SNK  |b SNK  |d 2015-01-22  |f 1  |i snkČSP 357/72  |l 0  |o snkČSC 497/25/1971  |p 17A0734374  |r 2026-02-21 20:13:39  |t č. 1-26  |w 2026-02-21  |y PREZ 
952 |0 0  |1 0  |4 0  |7 0  |a SNK  |b SNK  |d 2015-01-22  |f 1  |i snkČSP 165/69  |l 0  |o snkČSC 497/22/1968   |p 17A0734377  |r 2026-02-21 20:13:41  |t č. 1-26  |w 2026-02-21  |y PREZ 
952 |0 0  |1 0  |3 rekatalogizácia  |4 0  |7 0  |a SNK  |b SNK  |d 2007-08-27  |f 1  |i snkČSP 67/64  |l 0  |o snkČSC 497/17/1963/1  |p 17A0557936  |r 2026-02-21 20:14:45  |t č. 1-13  |w 2026-02-21  |y PREZ 
952 |0 0  |1 0  |4 0  |7 0  |a SNK  |b SNK  |d 2015-01-22  |f 1  |i snkČSP 772/74  |l 0  |o snkČSC 497/27/1973  |p 17A0734372  |r 2026-02-21 20:18:48  |t č. 1-26  |w 2026-02-21  |y PREZ 
952 |0 0  |1 0  |3 rekatalogizácia  |4 0  |7 0  |a SNK  |b SNK  |d 2007-08-27  |f 1  |i snkČSP 840/67  |l 0  |o snkČSC 497/20/1966/2  |p 17A0557935  |r 2026-02-21 20:29:01  |t č. 14-26  |w 2026-02-21  |y PREZ 
952 |0 0  |1 0  |4 0  |7 0  |a SNK  |b SNK  |d 2003-07-14  |i snkČSP 163/69  |l 0  |o snkČSC 497/21/1967/1 D1  |p 17A0388368  |r 2005-01-02 00:00:00  |t č. 1-13  |w 2026-02-21  |y PREZ 
952 |0 0  |1 0  |4 0  |7 0  |a SNK  |b SNK  |d 2013-06-07  |i snkČSP 612/80  |l 0  |o snkČSC 497/33/1979 D1  |p 17A1022704  |r 2026-02-21 20:41:18  |t č. 1-26  |w 2026-02-21  |y PREZ 
952 |0 0  |1 0  |4 0  |7 0  |a SNK  |b SNK  |d 2015-01-22  |f 1  |i snkČSP 356/66  |l 0  |o snkČSC 497/19/1965/1  |p 17A0734381  |r 2026-02-21 20:42:42  |t č. 1-13  |w 2026-02-21  |y PREZ 
952 |0 0  |1 0  |4 0  |7 0  |a SNK  |b SNK  |d 2015-01-22  |f 1  |i snkČSP 357/66  |l 0  |o snkČSC 497/19/1965/2  |p 17A0871265  |r 2026-02-21 20:42:42  |t č. 14-26  |w 2026-02-21  |y PREZ 
952 |0 0  |1 0  |4 0  |7 0  |a SNK  |b SNK  |d 2015-01-22  |i snkČSP 1542/67  |l 0  |o snkČSC 497/19/1965/1 D1  |p 17A0871266  |r 2026-02-21 20:42:42  |t č. 1-13  |w 2026-02-21  |y PREZ 
952 |0 0  |1 0  |4 0  |7 0  |a SNK  |b SNK  |d 2015-01-22  |i snkČSP 1543/67  |l 0  |o snkČSC 497/19/1965/2 D1  |p 17A0871267  |r 2026-02-21 20:42:42  |t č. 14-26  |w 2026-02-21  |y PREZ 
952 |0 0  |1 0  |4 0  |7 0  |a SNK  |b SNK  |d 2015-01-22  |f 1  |i snkČSP 839/67  |l 0  |o snkČSC 497/20/1966/1  |p 17A0734380  |r 2026-02-21 20:42:42  |t č. 1-13  |w 2026-02-21  |y PREZ 
952 |0 0  |1 0  |4 0  |7 0  |a SNK  |b SNK  |d 2015-01-22  |f 1  |i snkČSP 351/68  |l 0  |o snkČSC 497/21/1967/1   |p 17A0734379  |r 2026-02-21 20:42:42  |t č. 1-13  |w 2026-02-21  |y PREZ 
952 |0 0  |1 0  |4 0  |7 0  |a SNK  |b SNK  |d 2015-01-22  |f 1  |i snkČSP 352/68  |l 0  |o snkČSC 497/21/1967/2  |p 17A0734378  |r 2026-02-21 20:42:42  |t č. 14-26  |w 2026-02-21  |y PREZ 
952 |0 0  |1 0  |4 0  |7 0  |a SNK  |b SNK  |d 2015-01-22  |f 1  |i snkČSP 44/70  |l 0  |o snkČSC 497/23/1969   |p 17A0734376  |r 2026-02-21 20:42:42  |t č. 1-26  |w 2026-02-21  |y PREZ 
952 |0 0  |1 0  |4 0  |7 0  |a SNK  |b SNK  |d 2015-01-22  |f 1  |i snkČSP 251/75  |l 0  |o snkČSC 497/28/1974  |p 17A0734371  |r 2026-02-21 20:42:42  |t č. 1-26  |w 2026-02-21  |y PREZ 
952 |0 0  |1 0  |4 0  |7 0  |a SNK  |b SNK  |d 2015-01-22  |f 1  |i snkČSP 1304/76  |l 0  |o snkČSC 497/29/1975  |p 17A0734370  |r 2026-02-21 20:42:42  |t č. 1-26  |w 2026-02-21  |y PREZ 
952 |0 0  |1 0  |4 0  |7 0  |a SNK  |b SNK  |d 2015-01-22  |f 1  |i snkČSP 501/77  |l 0  |o snkČSC 497/30/1976  |p 17A0734369  |r 2026-02-21 20:42:42  |t č. 1-26  |w 2026-02-21  |y PREZ 
952 |0 0  |1 0  |4 0  |7 0  |a SNK  |b SNK  |d 2015-01-20  |f 1  |l 0  |o snkČSC 497/3/1949/2  |p 17A0734405  |r 2026-02-21 20:42:43  |t č. 27-52  |w 2026-02-21  |y PREZ 
952 |0 0  |1 0  |4 0  |7 0  |a SNK  |b SNK  |d 2015-01-20  |f 1  |i snk5/51  |l 0  |o snkČSC 497/4/1950/1  |p 17A0734404  |r 2026-02-21 20:42:43  |t č. 1-25  |w 2026-02-21  |y PREZ 
952 |0 0  |1 0  |4 0  |7 0  |a SNK  |b SNK  |d 2015-01-20  |f 1  |l 0  |o snkČSC 497/4/1950/2  |p 17A0734403  |r 2026-02-21 20:42:43  |t č. 26-52  |w 2026-02-21  |y PREZ 
952 |0 0  |1 0  |4 0  |7 0  |a SNK  |b SNK  |d 2015-01-20  |f 1  |i snk152/52  |l 0  |o snkČSC 497/5/1951/1  |p 17A0734402  |r 2026-02-21 20:42:44  |t č. 1-26  |w 2026-02-21  |y PREZ 
952 |0 0  |1 0  |4 0  |7 0  |a SNK  |b SNK  |d 2015-01-20  |f 1  |i snk153/52  |l 0  |o snkČSC 497/5/1951/2  |p 17A0734401  |r 2026-02-21 20:42:44  |t č. 27-52  |w 2026-02-21  |y PREZ 
952 |0 0  |1 0  |4 0  |7 0  |a SNK  |b SNK  |d 2015-01-20  |f 1  |i snkII. 1521/53  |l 0  |o snkČSC 497/6/1952  |p 17A0870977  |r 2026-02-21 20:42:48  |t č. 1-26  |w 2026-02-21  |y PREZ 
952 |0 0  |1 0  |4 0  |7 0  |a SNK  |b SNK  |d 2015-01-20  |f 1  |i snk69/54  |l 0  |o snkČSC 497/7/1953  |p 17A0734400  |r 2026-02-21 20:42:55  |t č. 1-26  |w 2026-02-21  |y PREZ 
952 |0 0  |1 0  |4 0  |7 0  |a SNK  |b SNK  |d 2015-01-20  |f 1  |i snkII. 7/55  |l 0  |o snkČSC 497/8/1954  |p 17A0734399  |r 2026-02-21 20:42:55  |t č. 1-26  |w 2026-02-21  |y PREZ 
952 |0 0  |1 0  |4 0  |7 0  |a SNK  |b SNK  |d 2015-01-20  |f 1  |i snkČSP 188/56  |l 0  |o snkČSC 497/9/1955/1  |p 17A0734398  |r 2026-02-21 20:51:47  |t č. 1-11  |w 2026-02-21  |y PREZ 
952 |0 0  |1 0  |4 0  |7 0  |a SNK  |b SNK  |d 2015-01-20  |f 1  |l 0  |o snkČSC 497/9/1955/2  |p 17A0734397  |r 2026-02-21 20:51:47  |t č. 12-24  |w 2026-02-21  |y PREZ 
952 |0 0  |1 0  |4 0  |7 0  |a SNK  |b SNK  |d 2015-01-20  |f 1  |i snkČSP 51/57  |l 0  |o snkČSC 497/10/1956/1  |p 17A0734396  |r 2026-02-21 20:51:54  |t č. 1-12  |w 2026-02-21  |y PREZ 
952 |0 0  |1 0  |4 0  |7 0  |a SNK  |b SNK  |d 2015-01-20  |f 1  |i snkČSP 419/58  |l 0  |o snkČSC 497/11/1957  |p 17A0734382  |r 2026-02-21 20:51:54  |t č. 1-26  |w 2026-02-21  |y PREZ 
952 |0 0  |1 0  |4 0  |7 0  |a SNK  |b SNK  |d 2015-01-20  |f 1  |l 0  |o snkČSC 497/10/1956/2  |p 17A0734395  |r 2026-02-21 20:51:54  |t č. 13-24  |w 2026-02-21  |y PREZ 
952 |0 0  |1 0  |4 0  |7 0  |a SNK  |b SNK  |d 2015-01-20  |f 1  |i snkČSP 437/59  |l 0  |o snkČSC 497/12/1958  |p 17A0734394  |r 2026-02-21 20:51:54  |t č. 1-26  |w 2026-02-21  |y PREZ 
952 |0 0  |1 0  |4 0  |7 0  |a SNK  |b SNK  |d 2015-01-20  |f 1  |i snkČSP 1276/60  |l 0  |o snkČSC 497/13/1959  |p 17A0734392  |r 2026-02-21 20:51:54  |t č. 1-26  |w 2026-02-21  |y PREZ 
952 |0 0  |1 0  |4 0  |7 0  |a SNK  |b SNK  |d 2015-01-20  |f 1  |i snkČSP 1718/61  |l 0  |o snkČSC 497/14/1960/1  |p 17A0734391  |r 2026-02-21 20:51:54  |t č. 1-13  |w 2026-02-21  |y PREZ 
952 |0 0  |1 0  |4 0  |7 0  |a SNK  |b SNK  |d 2015-01-20  |f 1  |i snkČSP 1719/61  |l 0  |o snkČSC 497/14/1960/2  |p 17A0734390  |r 2026-02-21 20:51:54  |t č. 14-26  |w 2026-02-21  |y PREZ 
952 |0 0  |1 0  |4 0  |7 0  |a SNK  |b SNK  |d 2015-01-20  |f 1  |i snkČSP 292/62  |l 0  |o snkČSC 497/15/1961/1  |p 17A0734389  |r 2026-02-21 20:51:54  |t č. 1-12  |w 2026-02-21  |y PREZ 
952 |0 0  |1 0  |4 0  |7 0  |a SNK  |b SNK  |d 2015-01-20  |f 1  |i snkČSP 293/62  |l 0  |o snkČSC 497/15/1961/2  |p 17A0734388  |r 2026-02-21 20:51:54  |t č. 13-26  |w 2026-02-21  |y PREZ 
952 |0 0  |1 0  |4 0  |7 0  |a SNK  |b SNK  |d 2015-01-20  |f 1  |i snkČSP 674/63  |l 0  |o snkČSC 497/16/1962/2  |p 17A0734386  |r 2026-02-21 20:51:54  |t č. 14-26  |w 2026-02-21  |y PREZ 
952 |0 0  |1 0  |4 0  |7 0  |a SNK  |b SNK  |d 2015-01-20  |f 1  |i snkČSP 68/64  |l 0  |o snkČSC 497/17/1963/2  |p 17A0734384  |r 2026-02-21 20:51:54  |t č. 14-26  |w 2026-02-21  |y PREZ 
952 |0 0  |1 0  |4 0  |7 0  |a SNK  |b SNK  |d 2015-01-21  |f 1  |i snkČSP 260/65  |l 0  |o snkČSC 497/18/1964/1  |p 17A0734385  |r 2026-02-21 20:52:07  |t č. 1-13  |w 2026-02-21  |y PREZ 
952 |0 0  |1 0  |4 0  |7 0  |a SNK  |b SNK  |d 2015-01-21  |f 1  |i snkČSP 261/65  |l 0  |o snkČSC 497/18/1964/2  |p 17A0734383  |r 2026-02-21 20:52:07  |t č. 14-26  |w 2026-02-21  |y PREZ 
952 |0 0  |1 0  |4 0  |7 0  |a SNK  |b SNK  |d 2015-01-22  |f 1  |i snkČSP 552/77  |l 0  |o snkČSC 497/31/1977  |p 17A0734368  |r 2026-02-21 20:52:15  |t č. 1-26  |w 2026-02-21  |y PREZ 
952 |0 0  |1 0  |4 0  |7 0  |a SNK  |b SNK  |d 2015-01-22  |f 1  |i snkČSP 934/78  |l 0  |o snkČSC 497/32/1978  |p 17A0734367  |r 2026-02-21 20:52:15  |t č. 1-26  |w 2026-02-21  |y PREZ 
952 |0 0  |1 0  |4 0  |7 0  |a SNK  |b SNK  |d 2015-01-22  |f 1  |i snkČSP 611/80  |l 0  |o snkČSC 497/33/1979  |p 17A0734366  |r 2026-02-21 20:52:15  |t č. 1-26  |w 2026-02-21  |y PREZ 
952 |0 0  |1 0  |4 0  |7 0  |a SNK  |b SNK  |d 2015-01-22  |f 1  |i snkČSP 1209/81  |l 0  |o snkČSC 497/34/1980  |p 17A0734365  |r 2026-02-21 20:52:15  |t č. 1-26  |w 2026-02-21  |y PREZ 
952 |0 0  |1 0  |4 0  |7 0  |a SNK  |b SNK  |d 2015-01-22  |f 1  |i snkČSP 313/82  |l 0  |o snkČSC 497/35/1981  |p 17A0734270  |r 2026-02-21 20:52:15  |t č. 1-26  |w 2026-02-21  |y PREZ 
952 |0 0  |1 0  |4 0  |7 0  |a SNK  |b SNK  |d 2015-01-22  |f 1  |i snkČSP 3111/87  |l 0  |o snkČSC 497/40/1986   |p 17A0734269  |r 2026-02-21 20:52:15  |t č. 1-26  |w 2026-02-21  |y PREZ 
952 |0 0  |1 0  |4 0  |7 0  |a SNK  |b SNK  |d 2001-11-30  |f 1  |i snkČSP 2557/88  |l 0  |o snkČSC 497/41/1987  |p 17A0323893  |r 2005-01-02 00:00:00  |t č. 1-26  |w 2026-02-21  |y PREZ 
952 |0 0  |1 0  |4 0  |7 0  |a SNK  |b SNK  |d 2015-01-22  |f 1  |i snkČSP 3967/90  |l 0  |o snkČSC 497/43/1989  |p 17A0734268  |r 2026-02-21 20:52:18  |t č. 1-26  |w 2026-02-21  |y PREZ 
952 |0 0  |1 0  |4 0  |7 0  |a SNK  |b SNK  |d 2015-01-22  |f 1  |i snkČSP 1575/91  |l 0  |o snkČSC 497/44(1)/1990/1  |p 17A0734267  |r 2026-02-21 20:52:18  |t č. 1-18  |w 2026-02-21  |y PREZ 
952 |0 0  |1 0  |4 0  |7 0  |a SNK  |b SNK  |d 2012-11-16  |i snkČSP 3112/87  |l 0  |o snkČSC 497/40/1986 D1  |p 17A1021304  |r 2026-02-21 21:02:24  |t č. 1-26  |w 2026-02-21  |y PREZ 
952 |0 0  |1 0  |4 0  |7 0  |a SNK  |b SNK  |d 2001-11-30  |l 0  |o snkČSC 497/34/1980 D1  |p 17A0323895  |r 2005-01-02 00:00:00  |t č. 1-26  |w 2026-02-21  |y PREZ 
952 |0 0  |1 0  |4 0  |7 0  |a SNK  |b SNK  |d 2001-11-30  |f 1  |i snkČSP 521/83  |l 0  |o snkČSC 497/36/1982  |p 17A0323898  |r 2005-01-02 00:00:00  |t č. 1-26  |w 2026-02-21  |y PREZ 
952 |0 0  |1 0  |4 0  |7 0  |a SNK  |b SNK  |d 2001-11-30  |f 1  |i snkČSP 572/84  |l 0  |o snkČSC 497/37/1983  |p 17A0323942  |r 2005-01-02 00:00:00  |t č. 1-26  |w 2026-02-21  |y PREZ 
952 |0 0  |1 0  |4 0  |7 0  |a SNK  |b SNK  |d 2001-11-30  |f 1  |i snkČSP 621/85  |l 0  |o snkČSC 497/38/1984  |p 17A0323943  |r 2005-01-02 00:00:00  |t č. 1-26  |w 2026-02-21  |y PREZ 
952 |0 0  |1 0  |4 0  |7 0  |a SNK  |b SNK  |d 2001-11-30  |f 1  |i snkČSP 3355/86  |l 0  |o snkČSC 497/39/1985  |p 17A0323944  |r 2005-01-02 00:00:00  |t č. 1-26  |w 2026-02-21  |y PREZ 
952 |0 0  |1 0  |4 0  |7 0  |a SNK  |b SNK  |d 2001-11-30  |f 1  |i snkČSP 2921/89  |l 0  |o snkČSC 497/42/1988  |p 17A0323894  |r 2005-01-02 00:00:00  |t č. 1-26  |w 2026-02-21  |y PREZ 
952 |0 0  |1 0  |3 rekatalogizácia  |4 0  |7 0  |a SNK  |b SNK  |d 2006-02-03  |i snkČSP 2558/88  |l 0  |o snkČSC 497/41/1987 D1  |p 17A0492116  |r 2026-02-21 21:10:14  |t č. 1-26  |w 2026-02-21  |y PREZ 
952 |0 0  |1 0  |4 0  |7 0  |a SNK  |b SNK  |d 2019-10-25  |i snkČSP 573/84  |l 0  |o snkČSC 497/37/1983 D1  |p 17A1347521  |r 2026-02-21 22:00:22  |t č. 1-26  |w 2026-02-21  |y PREZ